000
00284nam a22001337a 4500
008
181023b xxu||||| |||| 00| 0 eng d
020
_a
0306430762
041
_a
eng
080
_a
531
100
_a
43
101
_a
FIZ
245
_a
The Story of Physics
_c
Motz, L
942
_2
udc
_c
BK
999
_c
50695
_d
50695